Представление документа в формате RUSMARC

ПолеНазваниеЗначение
  Тип записи a
  Библиографический уровень m
001 Контрольный номер RU/CBS_UL/BASE/3abb37b9e3ec45f1a63978abe4248f80
005 Дата корректировки 20240313105330.8
010 Индекс ISBN __
d Цена 103 р. 18 к.
9 Тираж экз.
100 Данные общей обработки __
a Данные общей обработки 20240313d 0rusy0189## ca
101 Язык документа 0_
a Язык текста rus
102 Страна публикации __
a Страна публикации RU
200 Заглавие и сведения об ответственности 1_
a Заглавие Наследование по завещанию и по закону
e Сведения, относящиеся к заглавию защита наследственных прав в суде
f Первые сведения об ответственности Т. В. Саломатова
210 Выходные данные 1_
a Место издания Москва
c Издательство Ось-89
d Дата издания 2002
215 Физическое описание __
a Объем 496 с.
d Формат см.
300 Общие примечания __
a Общие примечания Под инв. номером 92688: Ц-1, 4-1
300 Общие примечания __
a Общие примечания 16+
606 Тематические рубрики 0_
a Основная рубрика Наследственное право - Защита
610 Ключевые слова 0_
a Ключевые слова наследственное право; наследование; наследство по завещанию; защита прав; споры (судеб.); судебное разбирательство
686 Индексы других классификаций __
2 Код системы rubbk
a Классификационный индекс 67.404.5
700 Автор _1
a Фамилия Саломатова
b Имя (инициалы) Т. В.
g Полное личное имя Татьяна Вячеславовна
801 Источник записи _0
a Страна RU
b Организация МБУК ЦБС г. Ульяновска
c Дата составления 20240313
g Правила каталогизации RCR
801 Источник записи _1
a Страна RU
b Организация МБУК ЦБС г. Ульяновска
c Дата составления 20240313
g Правила каталогизации RCR
852 Данные о местонахождении __
i Авторский знак С 16
j Шифр хранения 67.404
901 Тип документа __
t Тип документа m
909 Создатель записи __
a Создатель записи obr2
b Дата создания записи 20240313